History Quiz

Random History or Blitz Quiz

1970s Blitz Quiz Stats

 Plays Quiz Updated Dec 17, 2018

Support Sporcle.
Go Orange.
Score 0/30 Timer 04:00
2 Plays Today
Category 1970s answer % Correct
U.S. President [3]Richard Nixon
95.8%
Time Magazine Person of the Year [10]Henry Kissinger
91.2%
World Series winning team [5]Pirates
85.1%
World Cup (soccer) winning nation [3]Brazil
84.7%
Super Bowl winning team [6]Chiefs
81.4%
British Prime Minister [4]Harold Wilson
81.3%
Roman Catholic Pope [3]Paul VI
80.6%
Olympic host city [4]Munich
69.7%
Oscar Best Picture [10]The Godfather
67.9%
Oscar Best Actor [10]Gene Hackman
67.3%
Steven Spielberg directed movie [6]Jaws
65.4%
Stanley Cup winning team [4]Canadiens
64.9%
Oscar Best Actress [8]Diane Keaton
61.7%
Nobel Peace Prize winner [13]*Mother Teresa
53.6%
English Football Champion [6]Nottingham Forest
52.2%
Category 1970s answer % Correct
Emmy Best Comedy winner [5]All in the Family
48.3%
#1 ranked Boys' name (US) [1]Michael
46.1%
New United Nations Member [25]Fiji
45.1%
Oscar Best Dramatic Score (composer) [12]Jerry Goldsmith
44.2%
Artist with 30 million + selling album [6]Pink Floyd
37.4%
General Secretary of the USSR [1]Leonid Brezhnev
28.6%
#1 ranked Girls' name (US) [1]Jennifer
26.7%
Tony Best Musical [10]A Chorus Line
22.4%
U.N. Secretary General [2]U Thant
16.3%
Nation Sanctioned by the U.N. [1]South Africa
16.2%
New Artist Grammy winner [10]Crosby, Stills & Nash
13.3%
Best Selling Author (US) [5]J.R.R. Tolkien
11.3%
Emmy Best Drama winner [8]The Waltons
9.8%
Tour de France winner [5]Eddy Merckx
8.8%
Newly discovered element [2]Dubnium
4.7%

You're not logged in!

Compare scores with friends on all Sporcle quizzes.
OR
Log In
Forgot?

From the Vault

Mary Poppins Songs

by LTH

Music 4m
Mary Poppins very nearly caused us to pursue a career in chimney sweeping.
Remove Ads.
Support Sporcle.
Get the best of Sporcle when you Go Orange. This ad-free experience offers more features, more stats, and more fun while also helping to support Sporcle. Thank you for becoming a member.

Show Comments

Extras

Top Quizzes Today


Score Distribution

Your Account Isn't Verified!

In order to create a playlist on Sporcle, you need to verify the email address you used during registration. Go to your Sporcle Settings to finish the process.

Report this User

Report this user for behavior that violates our Community Guidelines.

Details: